ARRUPE JESUIT UNIVERSITY

CORONAVIRUS -STOP THE SPREAD - CLEAN,DISINFECT,COVER

Meinong and the principle of independence : (Record no. 121107)

MARC details
000 -LEADER
fixed length control field 01074pam a2200289 a 4500
001 - CONTROL NUMBER
control field 444656
003 - CONTROL NUMBER IDENTIFIER
control field ARRUPE
005 - DATE AND TIME OF LATEST TRANSACTION
control field 20141009180113.0
008 - FIXED-LENGTH DATA ELEMENTS--GENERAL INFORMATION
fixed length control field 821220s1983 enk b 001 0 eng
010 ## - LIBRARY OF CONGRESS CONTROL NUMBER
LC control number 82023628
020 ## - INTERNATIONAL STANDARD BOOK NUMBER
International Standard Book Number 0521250854 (U.S.) :
Terms of availability $20.00 (est.)
020 ## - INTERNATIONAL STANDARD BOOK NUMBER
International Standard Book Number 0521271991 (U.S. : pbk.) :
Terms of availability $6.95 (est.)
040 ## - CATALOGING SOURCE
Original cataloging agency DLC
Transcribing agency DLC
Modifying agency DLC
050 00 - LIBRARY OF CONGRESS CALL NUMBER
Classification number B3309.M24
Item number L35 1983
082 00 - DEWEY DECIMAL CLASSIFICATION NUMBER
Classification number 160/.92/4
Edition number 19
300 ## - PHYSICAL DESCRIPTION
Dimensions 22 cm.
100 1# - MAIN ENTRY--PERSONAL NAME
Personal name Lambert, Karel,
Dates associated with a name 1928-
9 (RLIN) 12125
245 10 - TITLE STATEMENT
Title Meinong and the principle of independence :
Remainder of title its place in Meinong's theory of objects and its significance in contemporary philosophical logic /
Statement of responsibility, etc Karel Lambert.
260 ## - PUBLICATION, DISTRIBUTION, ETC. (IMPRINT)
Place of publication, distribution, etc Cambridge [Cambridgeshire] ;
-- New York :
Name of publisher, distributor, etc Cambridge University Press,
Date of publication, distribution, etc 1983.
300 ## - PHYSICAL DESCRIPTION
Extent xvi, 175 p. ;
440 #0 - SERIES STATEMENT/ADDED ENTRY--TITLE
Title Modern European philosophy
9 (RLIN) 12126
500 ## - GENERAL NOTE
General note Includes index.
504 ## - BIBLIOGRAPHY, ETC. NOTE
Bibliography, etc Bibliography: p. 165-169.
600 10 - SUBJECT ADDED ENTRY--PERSONAL NAME
Personal name Meinong, A.
Fuller form of name (Alexius),
Dates associated with a name 1853-1920.
9 (RLIN) 12127
650 #0 - SUBJECT ADDED ENTRY--TOPICAL TERM
Topical term or geographic name as entry element Logic
General subdivision History.
9 (RLIN) 12128
906 ## - LOCAL DATA ELEMENT F, LDF (RLIN)
a 7
b cbc
c orignew
d 1
e ocip
f 19
g y-gencatlg
942 ## - ADDED ENTRY ELEMENTS (KOHA)
Source of classification or shelving scheme Library of Congress Classification
Koha item type Monograph ( Printed materials)
Holdings
Withdrawn status Lost status Source of classification or shelving scheme Damaged status Not for loan Collection code Home library Current library Shelving location Date acquired Total Checkouts Full call number Barcode Date last seen Price effective from Koha item type
    Library of Congress Classification     Main Collection ARRUPE LIBRARY ARRUPE LIBRARY Main Collection 09/10/2014   B3309.M24 L35 1983 46500001372 13/10/2014 09/10/2014 Monograph ( Printed materials)

 

Arrupe Library. PO Box MP320 Mt Pleasant, Harare, Zimbabwe
263 242 745411|librarian@aju.ac.zw